| 000 | 00388nam a22001337a 4500 | ||
|---|---|---|---|
| 082 |
_a526.9054 _bIND _cL-tech, P-103 |
||
| 245 | _aIndian statutory commission | ||
| 250 | _a1st v | ||
| 260 |
_aCalcutta _bGovernment of India central publication branch _c1930 |
||
| 300 |
_axxv, 409 p.: _bill.; _c24 cm |
||
| 526 |
_a0 _b0 _c0 _d526_905400000000000_IND |
||
| 650 |
_aMCE _9379 |
||
| 942 |
_2ddc _cBK |
||
| 999 |
_c544143 _d544143 |
||